Cieľové programovanie - metóda riadenia a plánovania čiastková úloha ŠPEV V-4/3.1
Salvato in:
| Natura: | Libro |
|---|---|
| Lingua: | slovacco |
| Pubblicazione: |
Bratislava
Výskumný ústav finančnej a úverovej sústavy
1979
|
| Serie: | Štúdie 2/79
|
| Tags: |
Nessun Tag, puoi essere il primo ad aggiungerne!!
|
MARC
| LEADER | 00000nam a2200000 4500 | ||
|---|---|---|---|
| 001 | 0220635 | ||
| 005 | 20240822101658.1 | ||
| 041 | 0 | |a slo | |
| 044 | |a SK | ||
| 245 | 1 | 0 | |a Cieľové programovanie - metóda riadenia a plánovania |b čiastková úloha ŠPEV V-4/3.1 |
| 264 | 1 | |a Bratislava |b Výskumný ústav finančnej a úverovej sústavy |c 1979 | |
| 300 | |a 141 s. | ||
| 490 | 1 | |a Štúdie 2/79 | |
| 830 | 0 | |a Štúdie 2/79 | |